000 00356nam a2200157Ia 4500
003 0STCL
008 150530s9999 xx 000 0 und d
040 _aSTCL
_cSTCL
100 _aTom Stoppard
245 _aTom stoppard jumpers
260 _bFaber and Faber
_c1985
546 _aEnglish
942 _2ddc
_cBK
999 _c56449
_d56449
005 20220125171009.0